000
00443nam a2200169Ia 4500
008
090711s9999 xx 000 0 und d
082
_b
18256
100
_a
शिंदे जयसिंग
245
_a
शर्यत
260
_c
1964
300
_a
106
600
_a
शिंदे जयसिंग
630
_a
शर्यत
700
_a
शिंदे जयसिंग
730
_a
शर्यत
942
_c
BOOK
999
_c
313964
_d
313964